Movies by Picture - J - Statistics

General Stats
  • This quiz has been taken 706 times
  • The average score is 10 of 16
Answer Stats
Picture Answer % Correct
Joker
100%
Jaws
98%
Jurassic Park
98%
The Jungle Book
90%
John Wick
82%
Jumanji
82%
Justice League
79%
Jigsaw
65%
Jojo Rabbit
60%
Johnny English
53%
Jerry Maguire
47%
James and the Giant Peach
46%
Jungle Cruise
43%
Jason Bourne
42%
Julie and Julia
33%
JFK
19%
No matching quizzes found
Score Distribution
Percent of People with Each Score
Percentile by Number Answered
Your Score History
You have not taken this quiz